000 00497nam a2200181Ia 4500
999 _c32420
_d32420
003 OSt
005 20200730102251.0
008 190216s9999||||xx |||||||||||||| ||und||
020 _a9780521890496
040 _coclc
082 _a512
_bBEA/A
100 _aBeardon, Alan F
_93862
245 0 _aAlgebra And Geometry /
_cAlan F Beardon
260 _bCambridge Uty Press,
_c2005.
_aUK:
300 _a326p
650 _aMathematics
942 _cBK
_2ddc
_h512
_iBEA/A
_k512
_mBEA/A